000 01881cam a2200373 i 4500
001 21274403
003 OSt
005 20250609115354.0
008 191029s2020 njua 001 0 eng
010 _a 2019048795
020 _a9781119608554
_q(paperback)
020 _z9781119608639
_q(adobe pdf)
020 _z9781119607861
_q(epub)
040 _aDLC
_beng
_erda
_cDLC
_dDLC
042 _apcc
050 0 0 _aQD261
_b.Z83 2020
082 0 0 _a547.0078
_223
100 1 _aZubrick, James W.,
_eauthor.
245 1 4 _aThe organic chem lab survival manual :
_ba student's guide to techniques /
_cJames W. Zubrick.
246 3 _aOrganic chemistry laboratory survival manual
250 _aEleventh edition.
264 1 _aHoboken, NJ :
_bWiley,
_c[2020]
300 _axxiii, 255 pages :
_billustrations ;
_c26 cm
336 _atext
_btxt
_2rdacontent
337 _aunmediated
_bn
_2rdamedia
338 _avolume
_bnc
_2rdacarrier
500 _aIncludes index.
505 0 _aClamps and clamping -- Distillation -- Microscale distillation -- The rotary evaporator -- Reflux and addition -- Reflux : microscale -- Sublimation -- Microscale boiling point -- Chromatography : some generalities -- Thin-layer chromatography -- Wet-column chromatography -- Refractometry -- Gas chromatography -- HP liquid chromatography -- Infrared spectroscopy (and a bit of uv-vis, too ) -- On the dual-beam infra-red instrument (online) -- Nuclear magnetic resonance -- Theory of distillation (online).
650 0 _aChemistry, Organic
_vLaboratory manuals.
776 0 8 _iOnline version:
_aZubrick, James W.,
_tThe organic chem lab survival manual
_bEleventh edition.
_dHoboken : Wiley, 2020.
_z9781119608639
_w(DLC) 2019048796
906 _a7
_bcbc
_corignew
_d1
_eecip
_f20
_gy-gencatlg
942 _2lcc
_cBK
999 _c20702
_d20701